|
|
|
|
| LEADER |
00000nam2a2200000 4500 |
| 001 |
191403 |
| 005 |
20231101224342.0 |
| 035 |
|
|
|a (RuTPU)RU\TPU\book\208704
|
| 035 |
|
|
|a RU\TPU\book\208703
|
| 090 |
|
|
|a 191403
|
| 100 |
|
|
|a 20110204d2009 k y0rusy50 ca
|
| 101 |
0 |
|
|a rus
|
| 102 |
|
|
|a RU
|
| 105 |
|
|
|a y z 101zy
|
| 200 |
0 |
|
|a Ч. 2
|
| 210 |
|
|
|d 2009
|
| 215 |
|
|
|a 330 с.
|
| 320 |
|
|
|a Библиогр. в конце докл.
|
| 330 |
|
|
|a Актуализирован аспект взаимовосприятия инонациональных литератур. Перевод произведений художественной литературы рассматривается как специфическая область коммуникативистики. Проблематика лингвистических исследований анализируется в контекстах лингвокультурологии, когнитологии, истории развития языков и стилистики, развития речевых стратегий и жанров. Сборник адресован преподавателям вузов, школ, лицеев, аспирантам, студентам, практикующим переводчикам, всем, кого интересует мир языков и культур.
|
| 461 |
|
1 |
|0 (RuTPU)RU\TPU\book\209073
|t Коммуникативные аспекты языка и культуры
|o сборник материалов IX Международной научно-практической конференции студентов и молодых ученых, Томск, 2009 г.
|f Томский политехнический университет (ТПУ), Институт международного образования и языковой коммуникации (ИМОЯК); гл. ред. С. А. Песоцкая
|v Ч. 2
|d 2009-
|
| 606 |
1 |
|
|a Иностранные языки
|x Изучение
|2 stltpush
|3 (RuTPU)RU\TPU\subj\12663
|9 39410
|
| 606 |
1 |
|
|a Межкультурная коммуникация
|x Общие вопросы
|2 stltpush
|3 (RuTPU)RU\TPU\subj\67936
|9 83528
|
| 610 |
1 |
|
|a обучение
|
| 610 |
1 |
|
|a преподавание
|
| 610 |
1 |
|
|a методика
|
| 610 |
1 |
|
|a язык
|
| 610 |
1 |
|
|a культура
|
| 610 |
1 |
|
|a лингвистика
|
| 610 |
1 |
|
|a литературоведение
|
| 610 |
1 |
|
|a русская литература
|
| 610 |
1 |
|
|a зарубежная литература
|
| 610 |
1 |
|
|a лексика
|
| 610 |
1 |
|
|a семантика
|
| 610 |
1 |
|
|a лингвокультурология
|
| 610 |
1 |
|
|a когнитология
|
| 610 |
1 |
|
|a языковые коммуникации
|
| 610 |
1 |
|
|a речевые коммуникации
|
| 610 |
1 |
|
|a жанры
|
| 610 |
1 |
|
|a стратегии
|
| 610 |
1 |
|
|a конференции
|
| 610 |
1 |
|
|a студенческие конференции
|
| 610 |
1 |
|
|a Томск
|
| 610 |
1 |
|
|a труды учёных ТПУ
|
| 686 |
|
|
|a Ш12-9л0
|v LBC/SL-A
|2 rubbk
|
| 686 |
|
|
|a Ч114л0
|v LBC/SL-A
|2 rubbk
|
| 801 |
|
1 |
|a RU
|b 63413507
|c 20110204
|
| 801 |
|
2 |
|a RU
|b 63413507
|c 20130515
|g RCR
|
| 942 |
|
|
|c BK
|